| 000 | 00651cam a2200229 a 4500 | ||
|---|---|---|---|
| 001 | 000009565 | ||
| 005 | 20200929161627.0 | ||
| 008 | 991125s1999 sp 000 f spa d | ||
| 020 | _a8420441619 | ||
| 040 |
_aDO-SdBNP _bspa _cLC _dBNPHU |
||
| 082 |
_a863.64 _bM971c |
||
| 100 | 1 |
_aMuñoz Molina, Antonio, _d1956- _915035 |
|
| 245 | 1 | 0 |
_aCarlota Fainberg / _cAntonio Muñoz Molina. |
| 260 |
_aMadrid : _bAlfaguara, _c1999. |
||
| 300 |
_a174 p. ; _c22 cm. |
||
| 650 | 4 |
_aNovela española _91123 |
|
| 650 | 4 |
_aLiteratura española _9632 |
|
| 650 | 4 |
_aAmor y muerte _xNovela _924402 |
|
| 910 | _aCatalogación por copia | ||
| 910 | _aWM | ||
| 049 | _aBNGR | ||
| 999 |
_c9325 _d9325 |
||